Finnugor őstörténet - finnugor régészet
This paper presents selected details of a lecture at the Symposium to the Memory of Martinus Fogelius organized by the Söcietas Uralo-Altaica in Hamburg, June 4—8, 1968 (see the mimeographic brochure „Mitteilungen der Societas Uralo-Altaica" Heft 2, Hamburg 1968. 75—99 pp). The entire text will...
Elmentve itt :
| Szerző: | |
|---|---|
| Dokumentumtípus: | Cikk |
| Megjelent: |
Szegedi Tudományegyetem Bölcsészettudományi Kara
Szeged
1968
|
| Sorozat: | Acta Universitatis Szegediensis : sectio ethnographica et linguistica = néprajz és nyelvtudomány = étnografiâ i azykoznanie = Volkskunde und Sprachwissenschaft
12 |
| Kulcsszavak: | Őstörténet - finnugor népek |
| Tárgyszavak: | |
| Online Access: | http://acta.bibl.u-szeged.hu/3485 |
| LEADER | 01398nab a2200229 i 4500 | ||
|---|---|---|---|
| 001 | acta3485 | ||
| 005 | 20220902131902.0 | ||
| 008 | 161015s1968 hu o 0|| hun d | ||
| 022 | |a 0586-3716 | ||
| 040 | |a SZTE Egyetemi Kiadványok Repozitórium |b hun | ||
| 041 | |a hun | ||
| 041 | |a eng | ||
| 100 | 1 | |a Hajdú Péter | |
| 245 | 1 | 0 | |a Finnugor őstörténet - finnugor régészet |h [elektronikus dokumentum] / |c Hajdú Péter |
| 260 | |a Szegedi Tudományegyetem Bölcsészettudományi Kara |b Szeged |c 1968 | ||
| 300 | |a 5-10 | ||
| 490 | 0 | |a Acta Universitatis Szegediensis : sectio ethnographica et linguistica = néprajz és nyelvtudomány = étnografiâ i azykoznanie = Volkskunde und Sprachwissenschaft |v 12 | |
| 520 | 3 | |a This paper presents selected details of a lecture at the Symposium to the Memory of Martinus Fogelius organized by the Söcietas Uralo-Altaica in Hamburg, June 4—8, 1968 (see the mimeographic brochure „Mitteilungen der Societas Uralo-Altaica" Heft 2, Hamburg 1968. 75—99 pp). The entire text will be published in German (under the title „Der gegenwärtige Stand der finnougrischen Urheimatforschung") in the journal Ural-Altaische Jahrbücher, vol. 40. | |
| 650 | 4 | |a Bölcsészettudományok | |
| 650 | 4 | |a Történettudomány és régészet | |
| 695 | |a Őstörténet - finnugor népek | ||
| 856 | 4 | 0 | |u http://acta.bibl.u-szeged.hu/3485/1/etno_lingu_012_005-010.pdf |z Dokumentum-elérés |